Previdência própria : (Record no. 846)

MARC details
000 -LÍDER
Campo Fixo de Controle 00842nam a2200229 a 4500
001 - NÚMERO DE CONTROLE
Campo de Controle 846
003 - IDENTIFICAÇÃO DO NÚMERO DE CONTROLE
Campo de Controle BR-CuiBMT
005 - DATA E HORA DA ÚLTIMA ATUALIZAÇÃO
Campo de Controle 20231129195800.0
008 - DADOS FIXOS
Dados Fixos 231121s2002 peba 000 0 por d
040 ## - AGÊNCIA CATALOGADORA
Código da Agência Catalogadora BR-CuiBMT
Agência que transcreveu o registro BR-CuiBMT
080 ## - Nº DA CLASSIFICAÇÃO DECIMAL UNIVERSAL
Nº edição CDU 2007
Nº Class. CDU 349.3:352
090 ## - NÚMERO DE CHAMADA
Nº classificação 349.3:352
Cutter P944
245 00 - TÍTULO PRINCIPAL
Título principal Previdência própria :
Subtítulo dos municípios : gestão desafios e perspectivas /
Indicação de responsabilidade Carlos Maurício Figueiredo ... [et al.].
260 ## - PUBLICAÇÃO, DISTRIBUIÇÃO, ETC.
Local de publicação Recife :
Editora Os autores,
Data 2002.
300 ## - DESCRIÇÃO FÍSICA
N. páginas ou volumes 154 p. :
Ilustrações il. ;
Dimensões 23 cm
504 ## - NOTA DE BIBLIOGRAFIA, ETC.
Nota de bibliografia Inclui bibliografia.
650 ## - ASSUNTO TÓPICO
Cabeçalho tópico ou nome geográfico Previdência social municipal
Subdivisão de forma Legislação
Subdivisão geográfica Brasil
650 ## - ASSUNTO TÓPICO
Cabeçalho tópico ou nome geográfico Previdência privada municipal
Subdivisão de forma Lei de responsabilidade fiscal
Subdivisão geográfica Brasil
650 ## - ASSUNTO TÓPICO
Cabeçalho tópico ou nome geográfico Previdência social
Subdivisão geral Gestão pública
-- Políticas governamentais
700 1# - ENTRADA SECUNDÁRIA -- NOME PESSOAL
Nome pessoal Figueiredo, Carlos Maurício
Cód. do termo explicativo et al.
942 ## - ELEMENTOS DE ENTRADA ADICIONAIS (KOHA)
Fonte de classificação ou esquema de arquivamento Classificação Decimal Universal
Tipo de item do Koha Livros
Holdings
Estado: removido Estado: perdido Fonte de classificação ou esquema de arquivamento Estado: danificado Indisponível para empréstimo Localização permanente Localização atual Data de aquisição Total Checkouts Número de Chamada completo Código de barras Date last seen Número do exemplar Preço efetivo a partir de Tipo de item (Koha)
    Classificação Decimal Universal     Biblioteca da Escola Superior de Contas do TCE/MT Biblioteca da Escola Superior de Contas do TCE/MT 21/11/2023   349.3:352 P944 BIBTCEMT23110787 21/11/2023 Ex. 1 21/11/2023 Livros
    Classificação Decimal Universal     Biblioteca da Escola Superior de Contas do TCE/MT Biblioteca da Escola Superior de Contas do TCE/MT 30/11/2023   349.3:352 P944 2 ed. BIBTCEMT23111363 30/11/2023 Ex. 2 30/11/2023 Livros
    Classificação Decimal Universal     Biblioteca da Escola Superior de Contas do TCE/MT Biblioteca da Escola Superior de Contas do TCE/MT 30/11/2023   349.3:352 P944 2 ed. BIBTCEMT23111368 30/11/2023 Ex. 3 30/11/2023 Livros

Powered by Koha